| 000 | 00354pab a2200145 454500 | ||
|---|---|---|---|
| 008 | 180718b2001 xxu||||| |||| 00| 0 eng d | ||
| 100 | _aGupta, Nikhil Jaiprakash | ||
| 245 | _aA simple chart for supervision of crime work | ||
| 260 | _c2001 | ||
| 300 | _ap.24-27 | ||
| 362 | _aJul-Sep | ||
| 650 | _aCrime | ||
| 773 | _aIndia Quarterly | ||
| 909 | _a51727 | ||
| 999 |
_c51727 _d51727 |
||